| 000 | 01358cam a2200325 i 4500 | ||
|---|---|---|---|
| 001 | 17969271 | ||
| 003 | PILC | ||
| 005 | 20160309164257.0 | ||
| 008 | 131212s2015 maua 001 0 eng | ||
| 010 | _a 2013047454 | ||
| 020 | _a9780133126129 | ||
| 020 | _a0133126129 | ||
| 040 |
_aDLC _beng _cDLC _erda _dDLC |
||
| 042 | _apcc | ||
| 050 | 0 | 0 |
_aHD 30.28 _b.W43 2015 |
| 082 | 0 | 0 | _a658.4/012 |
| 100 | 1 | _aWheelen, Thomas L. | |
| 245 | 1 | 0 |
_aConcepts in strategic management and business policy : _bglobalization, innovation, and sustainability / _cThomas L. Wheelen, Formerly with University of Virginia Trinity College, Dublin, Ireland, J. David Hunger, Iowa State University St. John's University ; Charles E. Bamford, University of Norte Dame ; with major contributions by Kathryn E. Wheelen, Alan N. Hoffman, Bentley University. |
| 250 | _a14th edition. | ||
| 260 |
_aBoston : _bPearson, _c2015. |
||
| 300 |
_axx, 357 pages : _billustrations ; _c26 cm |
||
| 500 | _aIncludes indexes. | ||
| 650 | 0 | _aStrategic planning. | |
| 650 | 0 |
_aStrategic planning _vCase studies. |
|
| 650 | 0 | _aSustainability. | |
| 700 | 1 |
_aHunger, J. David, _d1941- |
|
| 906 |
_a7 _bcbc _corignew _d1 _eecip _f20 _gy-gencatlg |
||
| 942 |
_2lcc _cBK |
||
| 999 |
_c291509 _d291509 |
||